000 00509nam a22001817a 4500
003 OSt
005 20251122115208.0
008 251122b |||||||| |||| 00| 0 eng d
020 _a0-256-18800-9.
040 _aDWCL-Main lib
_cOC
082 _28th ed.
_aCirc. 657.45 R651a 1996
100 _aJack C. Robertson
245 _aAuditing/
_cJack C. Robertson
260 _aChicago :
_bIrwin,
_cc1996.
300 _axxiii, 983 p. :
_bill. ;
_c25 cm.
650 _aAuditing.
942 _2ddc
_cBK-CIRC
_e8th ed.
_kCirc.
_n0
999 _c6038
_d6038